Applied techniques for cold environments (Record no. 542754)

000 -LEADER
fixed length control field 00497nam a22001337a 4500
082 ## - DEWEY DECIMAL CLASSIFICATION NUMBER
Classification number 624
Author Mark APP
-- 39, P-188
110 ## - MAIN ENTRY--CORPORATE NAME
Corporate name or jurisdiction name as entry element American Society Of Civil Engineering.
9 (RLIN) 38079
245 ## - TITLE STATEMENT
Title Applied techniques for cold environments
Remainder of title proceeding of the conference vol-II
Statement of responsibility, etc. American Society Of Civil Engineering.
260 ## - PUBLICATION, DISTRIBUTION, ETC.
Place of publication, distribution, etc. New York :
Name of publisher, distributor, etc. The Canadian Society for Civil Engineering,
Date of publication, distribution, etc. 1978.
300 ## - PHYSICAL DESCRIPTION
Extent 1167 p. :
Other physical details ill
526 ## - STUDY PROGRAM INFORMATION NOTE
Program name 0
Interest level 0
Reading level 0
Title point value 624_000000000000000_APP
650 ## - SUBJECT ADDED ENTRY--TOPICAL TERM
Topical term or geographic name entry element MCE
9 (RLIN) 379
942 ## - ADDED ENTRY ELEMENTS (KOHA)
Source of classification or shelving scheme
Koha item type Book
Holdings
Withdrawn status Lost status Source of classification or shelving scheme Damaged status Not for loan Permanent Location Current Location Date acquired Total Checkouts Full call number Barcode Date last seen Price effective from Koha item type
          Military College of Engineering (MCE) Military College of Engineering (MCE) 02/17/2014   624 APP MCE-43508 02/17/2014 02/17/2014 Book
© 2023 Central Library, National University of Sciences and Technology. All Rights Reserved.